| 000 | 00517nam a2200169 4500 | ||
|---|---|---|---|
| 001 | 130988 | ||
| 003 | ES-MaACL | ||
| 005 | 20230906193907.0 | ||
| 007 | t| | ||
| 008 | 070214s1906 fr r ||||1| fre d | ||
| 100 | 1 |
_aRocquigny Dufayel, Henri Marie Robert _ccomte de. _998087 |
|
| 245 | 1 | 4 |
_aLes syndicats agricoles et leur oeuvre / _cHenri Marie Robert Rocquigny Dufayel. |
| 250 | _a2ยช. ed. | ||
| 260 |
_aCoulommiers : _bPaul Brodard, _c1906. |
||
| 300 |
_aXXXIX, 412 p. ; _c18 cm. |
||
| 852 |
_aES-MaACL _jD-2698 |
||
| 999 |
_c130988 _d130988 |
||